00341nam a2200133Ia 4500008004100000020001400041082001500055100001900070245003500089260003400124300000800158546000900166650003200175230312s9999||||xx |||||||||||||| ||und|| a818579025 a612bPAR-H aParadkar ,A.R. 0aHospital and Clinical Pharmacy bNirali prakashanaIndiac2009 a1.5 aEng. aPharmacyvHospital Pharmacy